00380nam a2200181Ia 4500003000900000008004100009040001300050040001300063041000800076100002200084245003200106250001000138260001400148260000900162300001100171300001000182490000600192IT-RoPAU120407s9999 xx 000 0 und d aIT-RoPAU cIT-RoPAU aita aFranco Ferrarotti aUna sociologia alternativa. aBari  aDe Donato c1972 a317 p. c18 cm v1